书目信息 |
| 题名: |
党和国家重大决策的历程 5
|
|
| 作者: | 郭德宏 主编 | |
| 分册: | ||
| 出版信息: | 北京 红旗出版社 1997.11 |
|
| 页数: | 6册 | |
| 开本: | 32开 | |
| 丛书名: | ||
| 单 册: | ||
| 中图分类: | D23 | |
| 科图分类: | ||
| 主题词: | 中国共产党 | |
| 电子资源: | ||
| ISBN: | 7-5051-0088-2 | |
| 000 | 00578nam0 2200193 45 | |
| 001 | 0103231021 | |
| 005 | 20010323101257.9 | |
| 010 | @a7-5051-0088-2@d六册共268.00元 | |
| 100 | @a20010323d1997 km y0chiy0120 ea | |
| 101 | 0 | @achi |
| 105 | @a z 000yy | |
| 200 | 1 | @a党和国家重大决策的历程 5@ADang He Guo Jia Zhong DaJue Ce De Li Cheng 5@f郭德宏等主编@FGuo De Hong DengZhu Bian |
| 210 | @a北京@c红旗出版社@d1997.11 | |
| 215 | @a6册@d32开 | |
| 606 | 0 | @a中国共产党 |
| 690 | @aD23@v3 | |
| 701 | 0 | @a郭德宏@4主编 |
| 801 | @aCN@bPftUser@c20010323 | |
| 905 | @dD23@eG316:5@b331562@f1 | |
| 党和国家重大决策的历程 5/郭德宏等主编.-北京:红旗出版社,1997.11 |
| 6册;32开 |
| ISBN 7-5051-0088-2:六册共268.00元 |
| ● |
| 相关链接 |
|
|
|
正题名:党和国家重大决策的历程5
索取号:D23/G316:5
 
预约/预借
| 序号 | 登录号 | 条形码 | 馆藏地/架位号 | 状态 | 备注 |
| 1 | 331562 | 203315625 | 社科库509/509社科库 68排8列4层/ [索取号:D23/G316:5] | 在馆 |